[Event "POL-chT DMP Ekstraliga 2019"]
[Site "Katowice"]
[Date "2019.08.29"]
[Round "2.17"]
[White "Wieczorek, Oskar"]
[Black "Mikrut, Dariusz"]
[Result "1/2-1/2"]
[WhiteElo "2497"]
[BlackElo "2375"]
[Annotator "ChessBase"]
[PlyCount "28"]
[EventDate "2019.08.28"]
[EventType "team-tourn"]
[EventCountry "POL"]
[SourceTitle "playchess.com"]
[Source "ChessBase"]
[SourceQuality "1"]
[TimeControl "40/5400+30:1800+30"]

1. c4 {[%emt 0:00:00]} Nf6 {[%emt 0:00:38]} 2. Nc3 {[%emt 0:00:00]} g6 {[%emt 0:00:08]} 3. e4 {[%emt 0:00:00]} d6 {[%emt 0:00:06]} 4. d4 {[%emt 0:00:00]} Bg7 {[%emt 0:00:07]} 5. h3 {[%emt 0:00:00]} O-O {[%emt 0:00:39]} 6. Be3 {[%emt 0:00:00]} Na6 {[%emt 0:00:21]} 7. Nf3 {[%emt 0:00:13]} Qe8 {[%emt 0:00:36]} 8. g4 {[%emt 0:01:56]} c6 {[%emt 0:00:19]} 9. Be2 {[%emt 0:04:07]} Nc7 {[%emt 0:02:08]} 10. a4 {[%emt 0:17:51]} d5 11. e5 {[%emt 0:15:25]} Ne4 {[%emt 0:08:53]} 12. Nxe4 {[%emt 0:00:13]} dxe4 {[%emt 0:00:05]} 13. Nd2 {[%emt 0:00:07]} f5 {[%emt 0:04:26]} 14. gxf5 {[%emt 0:00:34]} Bxf5 {[%emt 0:33:52]} 1/2-1/2

[Event "POL-chT DMP Ekstraliga 2019"]
[Site "Katowice"]
[Date "2019.08.29"]
[Round "2.18"]
[White "Leks, Maria"]
[Black "Zawadzka, Jolanta"]
[Result "0-1"]
[WhiteElo "2129"]
[BlackElo "2407"]
[Annotator "NA"]
[PlyCount "64"]
[EventDate "2019.08.28"]
[EventType "team-tourn"]
[EventCountry "POL"]
[SourceTitle "playchess.com"]
[Source "ChessBase"]
[SourceQuality "1"]
[TimeControl "40/5400+30:1800+30"]

1. d4 {[%emt 0:00:00]} d5 {[%emt 0:00:00]} 2. Bf4 {[%emt 0:00:00]} Nf6 {[%emt 0:00:31]} 3. Nf3 {[%emt 0:00:05]} c5 {[%emt 0:00:46]} 4. e3 {[%emt 0:00:43]} Nc6 {[%emt 0:00:39]} 5. c3 {[%emt 0:00:32]} Qb6 {[%emt 0:02:07]} 6. Qb3 {[%emt 0:01:05]} c4 {[%emt 0:02:09]} 7. Qxb6 {[%emt 0:00:27]} axb6 {[%emt 0:00:05]} 8. h3 {[%emt 0:12:03]} b5 {[%emt 0:09:30]} 9. Ne5 b4 {[%emt 0:16:58]} 10. Nxc6 {[%emt 0:07:55]} bxc6 {[%emt 0:00:04]} 11. a4 {[%emt 0:08:25]} e6 {[%emt 0:07:46]} 12. Nd2 {[%emt 0:02:22]} Ba6 {[%emt 0:01:32]} 13. Be2 {[%emt 0:00:59]} Be7 {[%emt 0:01:06]} 14. O-O {[%emt 0:00:30]} O-O {[%emt 0:02:29]} 15. g4 {[%emt 0:07:32]} Ra7 {[%emt 0:04:51]} 16. g5 {[%emt 0:22:22]} Nd7 {[%emt 0:00:17]} 17. e4 {[%emt 0:00:15]} Rfa8 {[%emt 0:04:30]} 18. exd5 {[%emt 0:01:54]} cxd5 {[%emt 0:00:59]} 19. Bf3 {[%emt 0:17:07]} Kf8 {[%emt 0:11:41]} 20. Rfe1 {[%emt 0:12:47]} Bb5 {[%emt 0:02:25]} 21. Kg2 {[%emt 0:01:31]} Rxa4 {[%emt 0:01:14]} 22. Rab1 {[%emt 0:01:20]} Ra2 {[%emt 0:02:09]} 23. Nf1 {[%emt 0:00:57]} Ba4 {[%emt 0:02:38]} 24. Ne3 {[%emt 0:00:15]} Bb3 {[%emt 0:01:15]} 25. Bxd5 {[%emt 0:00:19]} exd5 {[%emt 0:10:26]} 26. Nxd5 {[%emt 0:00:04]} bxc3 {[%emt 0:00:42]} 27. Nxe7 {[%emt 0:00:43]} cxb2 {[%emt 0:03:21]} 28. Bd6 {[%emt 0:00:16]} f6 {[%emt 0:00:24]} 29. Nf5+ {[%emt 0:01:22]} Kg8 {[%emt 0:00:40]} 30. Re2 {[%emt 0:00:32]} c3 {[%emt 0:00:45]} 31. Rbe1 {[%emt 0:00:22]} Bf7 {[%emt 0:03:48]} 32. Ng3 {[%emt 0:00:41]} Ra1 {[%emt 0:00:33]} 0-1

[Event "POL-chT DMP Ekstraliga 2019"]
[Site "Katowice"]
[Date "2019.08.29"]
[Round "2.19"]
[White "Wojtaszek, Radoslaw"]
[Black "Tomczak, Jacek"]
[Result "1-0"]
[WhiteElo "2739"]
[BlackElo "2628"]
[Annotator "TA"]
[PlyCount "86"]
[EventDate "2019.08.28"]
[EventType "team-tourn"]
[EventCountry "POL"]
[SourceTitle "playchess.com"]
[Source "ChessBase"]
[SourceQuality "1"]

{[%evp 10,86,18,24,33,16,20,20,22,20,20,13,31,32,28,24,33,30,24,28,46,66,53,57,72,63,80,90,96,96,117,107,108,100,137,127,125,120,161,155,154,154,162,160,195,197,187,175,185,172,231,217,232,232,217,192,241,231,286,291,391,391,383,389,388,377,356,285,270,205,331,331,463,457,427,421,483,471,425]} 1. d4 Nf6 2. c4 e6 3. Nf3 Bb4+ 4. Bd2 Qe7 5. g3 Bxd2+ 6. Qxd2 Nc6 {E11: Bogo-Indian} 7. b3 (7. Nc3 d5 8. cxd5 exd5 9. Bg2 O-O 10. O-O a6 11. Qf4 Na7 12. Ne5 c6 13. a4 Be6 14. a5 {½-½ (56) Sarana,A (2630)-Ter Sahakyan,S (2601) Karlsruhe 2019}) 7... d5 8. Bg2 dxc4 {The position is equal.} 9. bxc4 O-O 10. O-O e5 11. d5 Nb8 12. Qe3 $36 {[%mdl 2048] White fights for an advantage.} Nbd7 13. Nc3 Ng4 $146 ({Predecessor:} 13... Re8 14. Nb5 {1-0 (62) Javakhishvili,L (2438)-Szczepkowska,K (2406) Wroclaw 2017}) 14. Qg5 Qxg5 15. Nxg5 Ngf6 16. Rfc1 a6 17. Rab1 h6 18. Nf3 Ra7 19. Nd2 Re8 20. Nb3 e4 21. c5 Ne5 22. Nd2 e3 23. fxe3 Neg4 24. e4 Ne5 25. Nd1 {[%cal Bc3d1,Bd1e3,Be3c4][%mdl 32]} Bd7 26. Rb4 b6 27. c6 Bg4 28. Kf1 Raa8 29. Ne3 Rad8 {[#]} (29... a5 {was necessary.} 30. Rd4 Rad8) 30. Ndc4 $1 $18 Nxc4 31. Rbxc4 ({Resist} 31. Rcxc4 $6 Bh5 $16) 31... Bc8 {[#]} 32. Rd4 $1 Re7 33. d6 cxd6 34. Nc4 b5 35. Nxd6 Rc7 {[#]} 36. Nxb5 $1 {[%mdl 512]} Rxd4 (36... axb5 37. Rxd8+) 37. Nxc7 ({Not} 37. Nxd4 Ng4 $18) 37... Nxe4 38. Bxe4 Rxe4 {KRB-KRN} 39. Nd5 Kf8 (39... Re5 $142) 40. c7 Re8 41. Rb1 {White is clearly winning.} Bg4 42. Rb8 Bxe2+ 43. Kf2 {Rxe8+ would kill now.} Bg4 {Accuracy: White = 97%, Black = 53%.} 1-0

[Event "POL-chT DMP Ekstraliga 2019"]
[Site "Katowice"]
[Date "2019.08.29"]
[Round "2.20"]
[White "Czarnota, Pawel"]
[Black "Navara, David"]
[Result "0-1"]
[WhiteElo "2532"]
[BlackElo "2724"]
[Annotator "TA"]
[PlyCount "86"]
[EventDate "2019.08.28"]
[EventType "team-tourn"]
[EventCountry "POL"]
[SourceTitle "playchess.com"]
[Source "ChessBase"]
[SourceQuality "1"]

{[%evp 22,85,3,20,10,11,14,18,23,3,43,15,23,2,6,-7,-7,-7,-2,-4,37,16,23,0,0,-14,-27,-47,-47,-47,-47,-51,-108,-96,-66,-87,-60,-211,-211,-211,-211,-211,-211,-211,-211,-211,-211,-29977,-29978,-29978,-29979,-29979,-29980,-29980,-29981,-29981,-29982,-29982,-29983,-29983,-29984,-29995,-29996,-29998,-29999,-29999]} 1. e4 c5 2. Nf3 e6 3. d4 cxd4 4. Nxd4 Nf6 5. Nc3 Nc6 6. Nxc6 bxc6 7. e5 Nd5 8. Ne4 Qc7 9. f4 Qb6 10. c4 Bb4+ 11. Ke2 f5 12. exf6 Nxf6 {B45: Sicilian Four Knights} 13. Be3 Qd8 14. Nd6+ Bxd6 $1 {The position is equal.} 15. Qxd6 Bb7 16. Kd1 c5 17. Bd3 ({Reject} 17. Bxc5 Ne4 $15) 17... Rc8 18. Kc2 Qb6 19. Qxb6 axb6 {[#]} 20. a4 $146 ({Predecessor:} 20. Rhe1 Bxg2 {½-½ (67) Lu,S (2606)-Yu,Y (2723) Xinghua 2015}) 20... Bxg2 21. Rhg1 Be4 22. Rxg7 Bg6 $36 {[%mdl 2048] White is under pressure.} 23. f5 Nh5 24. Bh6 Nxg7 25. Bxg7 Rg8 26. fxg6 Rxg7 27. gxh7 $15 {[%mdl 4096] Endgame KRR-KRB} Rg2+ 28. Kc3 Rxh2 29. a5 $2 (29. b4 $15) 29... bxa5 $19 30. Rxa5 Ke7 31. b4 Rf8 $1 {[%cal Rf8f3] Hoping for ...Rf3.} 32. bxc5 Rf3 {And now ...Rxh7 would win.} 33. c6 {[#] Ra8 is the strong threat.} Rxh7 $1 {White must now prevent ...Rhh3.} 34. c5 $2 (34. c7 $19 Rh8 35. Kd2) 34... Rhh3 {Black mates.} 35. c7 Rxd3+ 36. Kc4 Rc3+ 37. Kb4 Rb3+ 38. Ka4 Ra3+ 39. Kb4 Rhb3+ 40. Kc4 Rxa5 41. c8=Q {[#]} Rab5 $1 {[%csl Gb3][%cal Rb5b4]} 42. c6 R5b4+ 43. Kc5 d6# {Accuracy: White = 44%, Black = 91%.} 0-1

[Event "POL-chT DMP Ekstraliga 2019"]
[Site "Katowice"]
[Date "2019.08.29"]
[Round "2.21"]
[White "Socko, Bartosz"]
[Black "Olszewski, Michal"]
[Result "0-1"]
[WhiteElo "2625"]
[BlackElo "2522"]
[Annotator "TA"]
[PlyCount "128"]
[EventDate "2019.08.28"]
[EventType "team-tourn"]
[EventCountry "POL"]
[SourceTitle "playchess.com"]
[Source "ChessBase"]
[SourceQuality "1"]

{[%evp 12,128,45,23,24,37,47,42,57,45,76,71,98,70,71,65,72,65,60,70,71,31,42,41,77,59,66,77,63,61,105,100,116,106,106,116,122,116,116,99,97,98,129,64,62,65,52,39,50,14,18,16,15,15,77,72,76,15,33,41,38,16,16,16,16,16,16,16,16,16,16,16,16,14,14,14,14,14,14,8,14,12,12,12,12,12,12,12,231,231,231,0,0,0,231,231,231,200,190,-29968,-29976,-29976,-29977,-29977,-29978,-29978,-29979,-29979,-29975,-29975,-29975,-29975,-29976,-29981,-29977,-29977,-29976,-29986,-29987]} 1. e4 e5 2. Nf3 Nc6 3. d4 exd4 4. Nxd4 Bc5 5. Nb3 Bb4+ 6. c3 Be7 7. g3 d6 {C45: Scotch Game} 8. Bg2 h5 9. h3 Be6 {White is slightly better.} (9... Nf6 10. Na3 Be6 11. Nc2 d5 12. Ncd4 Nxe4 13. Nxe6 fxe6 14. Qc2 O-O 15. Be3 {1-0 (60) McShane,L (2713)-Sokolov,I (2677) Wolvega 2012}) 10. Be3 $146 ({Predecessor:} 10. Nd4 Nxd4 11. Qxd4 Bf6 12. Qd3 Ne7 13. c4 Nc6 14. Nd2 h4 15. g4 {0-1 (58) Jacko,V (2333)-Rachela,M (2364) Slovakia 2012}) 10... Qd7 11. Qe2 Nf6 12. c4 a6 13. Nc3 b5 14. Nd5 bxc4 15. Qxc4 Bd8 16. f4 O-O 17. Rc1 Na7 18. Nd4 Bxd5 $1 19. exd5 Re8 20. Qd3 Nc8 21. O-O $36 {[%mdl 2048] White is on the roll.} Nb6 22. Nc6 Nfxd5 23. Bf2 (23. Bxd5 Nxd5 24. Qxd5 Rxe3 $15) 23... Nf6 24. Bxb6 cxb6 25. Ne5 $1 {[%cal Re5d7][%mdl 64] Pin, Discovered Attack} Qa7 26. Bxa8 dxe5 27. Bc6 (27. Rc8 $16 Bc7 28. Rxe8+ Nxe8 29. Be4 exf4 30. Qd7 $1 {[%mdl 512]} (30. gxf4 Nf6 $16) 30... b5+ 31. Kg2 $1 {[%mdl 512]}) 27... b5+ $14 28. Kg2 e4 29. Qd1 Rf8 30. g4 hxg4 31. hxg4 {Strongly threatening g5.} Ba5 $1 32. Qe2 g6 (32... Rd8 $1 $11 33. b4 (33. Bxe4 $2 Re8 $17) 33... Bxb4) 33. g5 $16 Rd8 {And now ...Rd2! would win.} 34. Rfd1 ({Worse is} 34. gxf6 Rd2 $17) (34. Rc2 $1 $16 Nh5 35. Qxe4) 34... Rxd1 $11 35. Rxd1 Qc7 $1 36. Bxe4 Nh5 37. Qg4 {aiming for f5.} Nxf4+ 38. Kf3 Nh5 $1 39. Bxg6 fxg6 40. Qe6+ {[%mdl 64] Double Attack} Qf7+ 41. Qxf7+ Kxf7 42. Rd6 Bb4 43. Rxa6 {Rb6 is the strong threat.} Be7 $1 44. a3 Ng7 45. Rb6 Ne6 46. Ke4 Nc7 47. Rb7 Bd6 48. b3 Ke6 49. a4 b4 $2 (49... bxa4 $11 {and Black has nothing to worry.} 50. bxa4 Na6) 50. a5 $18 {[%mdl 1024] White has strong compensation.} Kd7 {[#]} 51. Rb6 $2 (51. Kd4 $1 $18) 51... Na8 $1 $11 {[%cal Ra8b6]} 52. Rb7+ $2 (52. Ra6 $11 Nc7 53. Rb6) 52... Nc7 $1 $18 {[#]} 53. Kd4 $1 Be7 54. Rb6 Bxg5 {Black wants to play ...Be3+!} 55. a6 $4 {[%mdl 8192] [#]} ({Resist} 55. Rxb4 $6 Bd2 $14) (55. Kc4 $18) 55... Be3+ $1 {[%mdl 576] Skewer, Deflection, Decoy. Black mates.} 56. Kxe3 {[%mdl 4096] Endgame KR-KN} Nd5+ {[%mdl 64] Double Attack} 57. Kd4 Nxb6 {KN-KPP} 58. Kc5 Nc8 59. Kxb4 Kc6 60. Kc4 Kb6 61. Kd5 Kxa6 62. Kc6 Ne7+ 63. Kd6 Kb5 64. Kxe7 g5 {Accuracy: White = 64%, Black = 64%.} 0-1

[Event "POL-chT DMP Ekstraliga 2019"]
[Site "Katowice"]
[Date "2019.08.29"]
[Round "2.22"]
[White "Warakomski, Tomasz"]
[Black "Gajewski, Grzegorz"]
[Result "1/2-1/2"]
[WhiteElo "2497"]
[BlackElo "2613"]
[Annotator "TA"]
[PlyCount "44"]
[EventDate "2019.08.28"]
[EventType "team-tourn"]
[EventCountry "POL"]
[SourceTitle "playchess.com"]
[Source "ChessBase"]
[SourceQuality "1"]

{[%evp 13,44,21,22,14,12,10,20,0,5,0,8,-16,-11,-33,-20,-24,-25,-27,0,0,12,14,43,26,62,66,63,-73,-77,-66,60,0,0]} 1. e4 e5 2. Nf3 Nc6 3. Bc4 Bc5 4. O-O Nf6 5. d3 d6 6. c3 a6 7. a4 h6 8. Re1 {C54: Giuoco Piano: 4 c3 Nf6, main lines with 5 d4 and 5 d3} a5 $146 ({Predecessor:} 8... O-O 9. h3 a5 10. d4 Ba7 11. Bb3 Re8 12. Bc2 Bd7 13. Na3 Qc8 14. Nb5 Bb6 15. Bb1 exd4 16. cxd4 {0-1 (34) Giri,A (2797)-Karjakin,S (2753) Shamkir 2019}) 9. Na3 O-O 10. Nc2 Be6 11. Bxe6 fxe6 12. d4 exd4 13. cxd4 Bb6 14. h3 d5 $36 {[%mdl 2048] Black fights for an advantage.} 15. e5 Nd7 16. Be3 Ne7 17. Nh4 Qe8 18. Qg4 Kh7 19. Qxe6 g5 $1 20. Nf3 {[#]} (20. b4 $1 $14) 20... Rf5 $1 $17 {[%mdl 1024] aiming for ...Nf8. Black has strong compensation.} 21. Nh4 Rf8 ({Better is} 21... Nf8 $15 22. Qxe7+ Qxe7 23. Nxf5 Qf7) 22. Nf3 (22. b4 $1 $14) 22... Rf5 $1 {Accuracy: White = 47%, Black = 56%.} 1/2-1/2

[Event "POL-chT DMP Ekstraliga 2019"]
[Site "Katowice"]
[Date "2019.08.29"]
[Round "2.23"]
[White "Miton, Kamil"]
[Black "Kantans, Toms"]
[Result "1-0"]
[WhiteElo "2589"]
[BlackElo "2490"]
[Annotator "ChessBase"]
[PlyCount "79"]
[EventDate "2019.08.28"]
[EventType "team-tourn"]
[EventCountry "POL"]
[SourceTitle "playchess.com"]
[Source "ChessBase"]
[SourceQuality "1"]
[TimeControl "40/5400+30:1800+30"]

1. Nf3 {[%emt 0:00:00]} Nf6 {[%emt 0:00:11]} 2. c4 {[%emt 0:00:00]} g6 {[%emt 0:01:01]} 3. Nc3 {[%emt 0:00:41]} d5 {[%emt 0:00:07]} 4. cxd5 {[%emt 0:00:19]} Nxd5 {[%emt 0:00:04]} 5. Qb3 {[%emt 0:00:40]} Nb6 {[%emt 0:03:45]} 6. d4 {[%emt 0:00:56]} Be6 {[%emt 0:03:00]} 7. Qc2 {[%emt 0:02:06]} Nc6 {[%emt 0:12:30]} 8. e4 f5 {[%emt 0:29:47]} 9. Bb5 {[%emt 0:19:15]} fxe4 {[%emt 0:09:51]} 10. Ne5 {[%emt 0:10:31]} Bd5 {[%emt 0:05:33]} 11. Nxe4 {[%emt 0:10:36]} Bg7 {[%emt 0:08:08]} 12. Nxc6 {[%emt 0:00:38]} bxc6 {[%emt 0:00:27]} 13. Bxc6+ {[%emt 0:00:07]} Bxc6 {[%emt 0:00:08]} 14. Qxc6+ {[%emt 0:00:05]} Qd7 {[%emt 0:00:22]} 15. Qxd7+ {[%emt 0:00:15]} Nxd7 {[%emt 0:00:38]} 16. Be3 {[%emt 0:01:37]} Rb8 {[%emt 0:08:10]} 17. b3 {[%emt 0:10:21]} Rb4 {[%emt 0:05:47]} 18. Rc1 {[%emt 0:02:23]} Bxd4 {[%emt 0:03:58]} 19. Rxc7 {[%emt 0:02:08]} Kd8 {[%emt 0:03:09]} 20. Bd2 {[%emt 0:03:22]} Kxc7 {[%emt 0:00:25]} 21. Bxb4 {[%emt 0:00:06]} Nf6 {[%emt 0:01:06]} 22. Ng5 {[%emt 0:03:54]} e5 {[%emt 0:00:43]} 23. Ke2 {[%emt 0:01:14]} Re8 {[%emt 0:02:05]} 24. Rc1+ {[%emt 0:01:47]} Kb6 {[%emt 0:00:01]} 25. Bd2 {[%emt 0:03:27]} Re7 {[%emt 0:00:59]} 26. Nf3 {[%emt 0:01:10]} Ne4 {[%emt 0:00:17]} 27. Rc4 {[%emt 0:05:21]} Nd6 {[%emt 0:00:45]} 28. Rb4+ {[%emt 0:00:36]} Kc6 {[%emt 0:00:30]} 29. Nxd4+ {[%emt 0:02:14]} exd4+ {[%emt 0:00:02]} 30. Kd3 {[%emt 0:00:35]} Ne4 {[%emt 0:00:16]} 31. Rc4+ {[%emt 0:01:04]} Kb5 {[%emt 0:00:58]} 32. f3 {[%emt 0:02:17]} Nf2+ {[%emt 0:00:41]} 33. Kxd4 {[%emt 0:00:18]} Re2 {[%emt 0:00:24]} 34. a4+ {[%emt 0:00:20]} Ka6 {[%emt 0:00:14]} 35. Bf4 {[%emt 0:00:51]} Nd1 {[%emt 0:00:56]} 36. Rc1 {[%emt 0:01:04]} g5 {[%emt 0:00:15]} 37. Bxg5 {[%emt 0:01:30]} Rxg2 {[%emt 0:00:05]} 38. Rxd1 {[%emt 0:00:33]} Rxg5 {[%emt 0:00:03]} 39. f4 {[%emt 0:00:28]} Rg2 {[%emt 0:00:04]} 40. Rf1 {[%emt 0:00:00]} 1-0

[Event "POL-chT DMP Ekstraliga 2019"]
[Site "Katowice"]
[Date "2019.08.29"]
[Round "2.24"]
[White "Warakomska, Anna"]
[Black "Socko, Monika"]
[Result "1-0"]
[WhiteElo "2241"]
[BlackElo "2436"]
[Annotator "NA"]
[PlyCount "81"]
[EventDate "2019.08.28"]
[EventType "team-tourn"]
[EventCountry "POL"]
[SourceTitle "playchess.com"]
[Source "ChessBase"]
[SourceQuality "1"]
[TimeControl "40/5400+30:1800+30"]

1. e4 {[%emt 0:00:00]} c5 {[%emt 0:00:00]} 2. Nf3 {[%emt 0:00:00]} Nc6 {[%emt 0:00:00]} 3. d4 {[%emt 0:02:44]} cxd4 {[%emt 0:00:00]} 4. Nxd4 {[%emt 0:00:05]} g6 {[%emt 0:00:00]} 5. c4 {[%emt 0:00:58]} Bg7 {[%emt 0:00:00]} 6. Be3 {[%emt 0:00:21]} Nf6 {[%emt 0:00:38]} 7. Nc3 {[%emt 0:00:38]} O-O {[%emt 0:00:19]} 8. Be2 {[%emt 0:01:21]} d6 {[%emt 0:00:35]} 9. f3 {[%emt 0:02:05]} Bd7 {[%emt 0:00:08]} 10. Qd2 {[%emt 0:00:51]} Nxd4 {[%emt 0:01:45]} 11. Bxd4 {[%emt 0:00:09]} Bc6 {[%emt 0:01:46]} 12. O-O-O {[%emt 0:07:25]} a6 {[%emt 0:08:24]} 13. g4 {[%emt 0:03:06]} b5 14. Kb1 {[%emt 0:03:13]} Rb8 {[%emt 0:25:17]} 15. h4 {[%emt 0:04:15]} e6 {[%emt 0:13:04]} 16. g5 {[%emt 0:16:50]} Ne8 {[%emt 0:17:58]} 17. Bxg7 {[%emt 0:00:33]} Kxg7 {[%emt 0:00:10]} 18. e5 {[%emt 0:02:41]} bxc4 {[%emt 0:07:42]} 19. exd6 {[%emt 0:04:07]} Qa5 {[%emt 0:06:12]} 20. h5 {[%emt 0:18:25]} Qf5+ {[%emt 0:09:53]} 21. Ka1 {[%emt 0:01:28]} Rd8 {[%emt 0:01:14]} 22. Qd4+ {[%emt 0:05:40]} e5 {[%emt 0:00:03]} 23. Qxc4 {[%emt 0:00:44]} Bb5 {[%emt 0:01:20]} 24. Nxb5 {[%emt 0:03:05]} axb5 {[%emt 0:00:01]} 25. Qc5 {[%emt 0:00:58]} Qxg5 {[%emt 0:01:23]} 26. hxg6 {[%emt 0:04:02]} hxg6 {[%emt 0:00:40]} 27. Bxb5 {[%emt 0:01:07]} Nf6 {[%emt 0:02:22]} 28. Rhe1 {[%emt 0:00:33]} Rh8 {[%emt 0:00:09]} 29. d7 {[%emt 0:03:43]} Qg2 {[%emt 0:01:03]} 30. Bc6 {[%emt 0:04:45]} Rh5 {[%emt 0:01:47]} 31. Qe7 {[%emt 0:05:19]} Rb8 {[%emt 0:00:06]} 32. Rb1 {[%emt 0:00:17]} Rhh8 {[%emt 0:00:03]} 33. Qxe5 {[%emt 0:00:15]} Qf2 {[%emt 0:01:13]} 34. Red1 {[%emt 0:00:54]} Qb6 {[%emt 0:00:57]} 35. Rd6 {[%emt 0:01:39]} Qd8 {[%emt 0:00:01]} 36. a3 {[%emt 0:00:40]} Rh5 {[%emt 0:00:37]} 37. Qd4 {[%emt 0:00:27]} Rh2 {[%emt 0:00:10]} 38. Qf4 {[%emt 0:01:44]} Rh8 {[%emt 0:00:19]} 39. Re1 {[%emt 0:00:42]} Nh5 {[%emt 0:01:35]} 40. Qd4+ {[%emt 0:00:00]} Kh6 {[%emt 0:00:00]} 41. Re8 {[%emt 0:00:52]} 1-0

[Event "POL-chT DMP Ekstraliga 2019"]
[Site "Katowice"]
[Date "2019.08.29"]
[Round "2.25"]
[White "Huschenbeth, Niclas"]
[Black "Kempinski, Robert"]
[Result "0-1"]
[WhiteElo "2620"]
[BlackElo "2579"]
[Annotator "RC"]
[PlyCount "72"]
[EventDate "2019.08.28"]
[EventType "team-tourn"]
[EventCountry "POL"]
[SourceTitle "playchess.com"]
[Source "ChessBase"]
[SourceQuality "1"]
[TimeControl "40/5400+30:1800+30"]

1. e4 {[%emt 0:00:00]} c5 {[%emt 0:00:00]} 2. Nf3 {[%emt 0:00:00]} Nc6 {[%emt 0:00:00]} 3. d4 {[%emt 0:00:00]} cxd4 {[%emt 0:00:06]} 4. Nxd4 {[%emt 0:00:00]} e5 {[%emt 0:00:17]} 5. Nb5 {[%emt 0:00:00]} d6 {[%emt 0:00:20]} 6. N1c3 {[%emt 0:00:00]} a6 {[%emt 0:00:17]} 7. Na3 {[%emt 0:00:00]} Be7 {[%emt 0:00:19]} 8. Be3 {[%emt 0:00:16]} Nf6 {[%emt 0:00:16]} 9. Nc4 {[%emt 0:00:46]} Be6 {[%emt 0:00:13]} 10. Nd5 {[%emt 0:24:00]} O-O 11. Nxe7+ {[%emt 0:14:03]} Nxe7 {[%emt 0:06:05]} 12. Qxd6 {[%emt 0:00:24]} Bxc4 {[%emt 0:00:22]} 13. Qxd8 {[%emt 0:00:02]} Rfxd8 {[%emt 0:00:14]} 14. Bxc4 {[%emt 0:00:05]} Nxe4 {[%emt 0:00:12]} 15. Bd3 {[%emt 0:05:19]} Nf6 {[%emt 0:14:42]} 16. O-O-O {[%emt 0:01:31]} Ned5 {[%emt 0:00:28]} 17. Bg5 {[%emt 0:04:18]} h6 {[%emt 0:08:46]} 18. Bxf6 {[%emt 0:00:06]} Nxf6 {[%emt 0:00:18]} 19. Rhe1 {[%emt 0:00:44]} Re8 {[%emt 0:01:31]} 20. Bf5 {[%emt 0:04:36]} g6 {[%emt 0:03:10]} 21. Rd6 {[%emt 0:01:06]} Kg7 {[%emt 0:00:20]} 22. Bh3 {[%emt 0:02:41]} e4 {[%emt 0:09:24]} 23. Rb6 {[%emt 0:04:16]} Rab8 {[%emt 0:02:22]} 24. c4 {[%emt 0:05:07]} Re7 {[%emt 0:08:16]} 25. b3 {[%emt 0:09:40]} h5 {[%emt 0:05:07]} 26. Rd1 {[%emt 0:10:37]} Ng4 {[%emt 0:05:06]} 27. Bxg4 {[%emt 0:00:07]} hxg4 {[%emt 0:00:11]} 28. Kd2 {[%emt 0:05:57]} Rh8 {[%emt 0:02:31]} 29. Ke3 {[%emt 0:00:15]} Rxh2 {[%emt 0:00:51]} 30. g3 {[%emt 0:00:02]} Rh5 {[%emt 0:01:11]} 31. Rd5 {[%emt 0:03:00]} Rh1 {[%emt 0:00:32]} 32. a4 {[%emt 0:00:32]} Rc1 {[%emt 0:02:51]} 33. Kd4 {[%emt 0:05:33]} e3 {[%emt 0:05:55]} 34. fxe3 {[%emt 0:00:02]} Rg1 {[%emt 0:00:09]} 35. Rbd6 {[%emt 0:01:51]} Rxg3 {[%emt 0:01:00]} 36. Rg5 {[%emt 0:00:13]} f6 {[%emt 0:01:50]} 0-1

[Event "POL-chT DMP Ekstraliga 2019"]
[Site "Katowice"]
[Date "2019.08.29"]
[Round "2.26"]
[White "Shevchenko, Kirill"]
[Black "Hracek, Zbynek"]
[Result "1/2-1/2"]
[WhiteElo "2556"]
[BlackElo "2572"]
[Annotator "ChessBase"]
[PlyCount "63"]
[EventDate "2019.08.28"]
[EventType "team-tourn"]
[EventCountry "POL"]
[SourceTitle "playchess.com"]
[Source "ChessBase"]
[SourceQuality "1"]
[TimeControl "40/5400+30:1800+30"]

1. d4 Nf6 {[%emt 0:00:00]} 2. c4 {[%emt 0:00:00]} e6 {[%emt 0:00:00]} 3. Nc3 {[%emt 0:00:00]} Bb4 {[%emt 0:01:06]} 4. Qc2 {[%emt 0:00:00]} d5 {[%emt 0:02:16]} 5. Bg5 {[%emt 0:01:01]} h6 {[%emt 0:00:30]} 6. Bh4 {[%emt 0:00:30]} c5 {[%emt 0:00:30]} 7. cxd5 {[%emt 0:00:30]} exd5 {[%emt 0:03:37]} 8. dxc5 g5 {[%emt 0:02:06]} 9. Bg3 {[%emt 0:03:00]} Ne4 {[%emt 0:00:28]} 10. e3 {[%emt 0:02:36]} Qa5 {[%emt 0:03:30]} 11. Rc1 {[%emt 0:00:30]} Bf5 {[%emt 0:03:45]} 12. Bxb8 {[%emt 0:18:33]} Rxb8 {[%emt 0:00:30]} 13. Bd3 {[%emt 0:00:30]} O-O {[%emt 0:00:30]} 14. Nge2 {[%emt 0:00:30]} Rbc8 {[%emt 0:00:30]} 15. O-O {[%emt 0:00:30]} Rxc5 {[%emt 0:00:30]} 16. Nd4 {[%emt 0:00:30]} Nxc3 {[%emt 0:00:30]} 17. bxc3 {[%emt 0:00:30]} Rxc3 {[%emt 1:12:19]} 18. Nxf5 {[%emt 1:01:35]} Rxc2 {[%emt 0:00:30]} 19. Nxh6+ {[%emt 0:00:30]} Kg7 {[%emt 0:02:52]} 20. Nf5+ {[%emt 0:00:34]} Kf6 {[%emt 0:00:02]} 21. Rxc2 {[%emt 0:00:27]} Qa3 {[%emt 0:01:09]} 22. Rd1 {[%emt 0:00:30]} g4 {[%emt 0:00:30]} 23. Nd4 {[%emt 0:00:30]} a6 {[%emt 0:00:30]} 24. Be2 {[%emt 0:00:30]} Rg8 {[%emt 0:00:30]} 25. Nb3 {[%emt 0:00:30]} Rg5 {[%emt 0:00:30]} 26. Rd3 {[%emt 0:00:30]} Bd6 {[%emt 0:00:30]} 27. g3 {[%emt 0:00:30]} Qb4 {[%emt 0:00:30]} 28. Nd2 {[%emt 0:00:30]} Qa4 {[%emt 0:00:30]} 29. Bd1 {[%emt 0:00:30]} Qb5 30. Be2 Qa4 31. Bd1 Qb5 32. Be2 1/2-1/2